[Event "Titled Tuesday intern op 21st May Early"]
[Site "Chess.com INT"]
[Date "2024.05.21"]
[Round "4"]
[White "Avalyan, Artur"]
[Black "Sadykov, Ramil"]
[Result "1-0"]
[WhiteElo "2340"]
[BlackElo "2313"]
[PlyCount "109"]
[EventDate "2024.05.21"]
[EventType "swiss (blitz)"]
[EventRounds "11"]
[EventCountry "USA"]
[SourceTitle "CBM 220 Extra"]
[Source "ChessBase"]
[SourceDate "2024.07.31"]
[SourceVersion "1"]
[SourceVersionDate "2024.07.31"]
[SourceQuality "1"]

1. d4 g6 2. c4 Bg7 3. e4 c5 4. d5 d6 5. Nc3 Nf6 6. Be2 0-0 7. Be3 e6 8. Nf3 exd5 9. cxd5 Re8 10. Nd2 a6 11. a4 Nbd7 12. 0-0 Rb8 13. h3 Re7 14. Bf4 Ne5 15. Qc2 Ne8 16. Rfe1 Nc7 17. a5 f5 18. Bg5 f4 19. Bxf4 Rf7 20. Bg3 g5 21. Bh5 Rf8 22. Nf1 Nb5 23. Nxb5 axb5 24. Ne3 Ra8 25. Qd2 b4 26. Bxe5 Bxe5 27. Nc4 Bd4 28. Re2 b5 29. Nb6 Ra7 30. Nxc8 Qxc8 31. Qxg5+ Rg7 32. Qh6 Rf6 33. Bg4 Rxg4 34. Qxf6 Rxg2+ 35. Kxg2 Bxf6 36. a6 c4 37. a7 Qa8 38. f4 Bd4 39. Ra5 Bb6 40. Rxb5 Qxa7 41. Rxb4 Qc7 42. Rc2 Qc5 43. Rbxc4 Qg1+ 44. Kf3 Qf1+ 45. Kg4 Bc5 46. Kf5 Kf7 47. e5 Qd3+ 48. Kg4 h5+ 49. Kxh5 Qg6+ 50. Kh4 Ke7 51. b4 Be3 52. Rc7+ Kf8 53. Rc8+ Kg7 54. R2c7+ Kh6 55. Rh8+ 1-0

[Event "Titled Tuesday intern op 21st May Early"]
[Site "Chess.com INT"]
[Date "2024.05.21"]
[Round "1"]
[White "Cardozo Munar, Carlos Eduardo"]
[Black "Sadykov, Ramil"]
[Result "0-1"]
[WhiteElo "2043"]
[BlackElo "2313"]
[PlyCount "86"]
[EventDate "2024.05.21"]
[EventType "swiss (blitz)"]
[EventRounds "11"]
[EventCountry "USA"]
[SourceTitle "CBM 220 Extra"]
[Source "ChessBase"]
[SourceDate "2024.07.31"]
[SourceVersion "1"]
[SourceVersionDate "2024.07.31"]
[SourceQuality "1"]

1. d4 g6 2. Bg5 Bg7 3. e3 c5 4. c3 Nf6 5. Nd2 cxd4 6. exd4 d5 7. Bd3 Bf5 8. Bxf5 gxf5 9. Bxf6 Bxf6 10. Qf3 Qd7 11. Ne2 Nc6 12. Nf4 e6 13. 0-0-0 0-0-0 14. Rhe1 Kb8 15. Nd3 Rc8 16. g3 Nxd4 17. Qf4+ Ka8 18. Kb1 Nb5 19. Nb3 Bxc3 20. bxc3 Nxc3+ 21. Kb2 Rc4 22. Qe5 Nxd1+ 23. Rxd1 Rhc8 24. Rc1 b6 25. f4 Qc6 26. Qe1 Rc2+ 27. Kb1 Rxc1+ 28. Qxc1 Qc4 29. Qd2 Qe4 30. Kb2 f6 31. Nbc1 Kb7 32. a3 a6 33. Ne2 Qg2 34. h4 Rc4 35. Ne1 Qf2 36. Nc2 Re4 37. Ncd4 e5 38. fxe5 fxe5 39. Qh6 Rxe2+ 40. Nxe2 Qxe2+ 41. Kc3 d4+ 42. Kb4 Qb2+ 43. Kc4 Qb5# 0-1

[Event "Titled Tuesday intern op 14th May Early"]
[Site "Chess.com INT"]
[Date "2024.05.14"]
[Round "2"]
[White "Bryakin, Mikhail"]
[Black "Sadykov, Ramil"]
[Result "1/2-1/2"]
[WhiteElo "2468"]
[BlackElo "2313"]
[PlyCount "151"]
[EventDate "2024.05.14"]
[EventType "swiss (blitz)"]
[EventRounds "11"]
[EventCountry "USA"]
[SourceTitle "EXT 2025"]
[Source "ChessBase"]
[SourceDate "2024.10.14"]
[SourceVersion "1"]
[SourceVersionDate "2024.10.14"]
[SourceQuality "1"]

1. Nf3 Nf6 2. c4 e6 3. g3 d5 4. Bg2 Be7 5. 0-0 0-0 6. d3 c5 7. cxd5 Nxd5 8. Nc3 Nc6 9. Bd2 Nc7 10. Rc1 b6 11. a3 a5 12. Qa4 Bd7 13. Qf4 Bf6 14. h4 e5 15. Qe4 Rb8 16. Bg5 Re8 17. Rfd1 h6 18. Bxf6 Qxf6 19. Nd5 Nxd5 20. Qxd5 Qe6 21. Nd2 Nd4 22. Qxe6 Bxe6 23. Re1 Nb3 24. Nxb3 Bxb3 25. Bc6 Re6 26. Bb5 Rd6 27. Rc3 Be6 28. Rec1 f6 29. f3 Kf7 30. Bc4 Rd4 31. Bb5 Rbd8 32. Kf2 h5 33. Bc6 R4d6 34. Bb5 Bd7 35. Bxd7 R8xd7 36. b4 cxb4 37. axb4 axb4 38. Rb3 Rd4 39. Rc6 R7d6 40. Rc7+ Rd7 41. Rc6 R7d6 42. Rc8 Rd8 43. Rc1 R8d5 44. Ke3 Ke6 45. Rc7 Rd7 46. Rc8 Rd8 47. Rxd8 Rxd8 48. Rxb4 Rb8 49. g4 hxg4 50. Rxg4 Kf7 51. Kd2 b5 52. Kc3 g6 53. d4 exd4+ 54. Rxd4 g5 55. hxg5 fxg5 56. Rd6 Rb7 57. Rc6 b4+ 58. Kb3 Re7 59. Rc2 Rb7 60. Rc6 Re7 61. Rc2 Rb7 62. Rc4 Re7 63. e4 Kf6 64. Rc5 g4 65. Rc6+ Kg5 66. Rc5+ Kg6 67. Rc6+ Kg5 68. Rc5+ Kg6 69. fxg4 Rxe4 70. g5 Rg4 71. Rc8 Kxg5 72. Rc1 Kf5 73. Re1 Rf4 74. Re2 Re4 75. Rxe4 Kxe4 76. Kxb4 1/2-1/2

[Event "Titled Tuesday intern op 14th May Early"]
[Site "Chess.com INT"]
[Date "2024.05.14"]
[Round "3"]
[White "Oparin, Grigoriy"]
[Black "Sadykov, Ramil"]
[Result "1-0"]
[WhiteElo "2676"]
[BlackElo "2313"]
[PlyCount "117"]
[EventDate "2024.05.14"]
[EventType "swiss (blitz)"]
[EventRounds "11"]
[EventCountry "USA"]
[SourceTitle "EXT 2025"]
[Source "ChessBase"]
[SourceDate "2024.10.14"]
[SourceVersion "1"]
[SourceVersionDate "2024.10.14"]
[SourceQuality "1"]

1. c4 e6 2. Nc3 d5 3. d4 Nf6 4. cxd5 exd5 5. Bg5 Be7 6. e3 0-0 7. Bd3 Re8 8. Qc2 h6 9. Bh4 c5 10. Nge2 Nc6 11. 0-0 cxd4 12. Nxd4 Nxd4 13. exd4 Be6 14. Qb3 Ne4 15. Bxe7 Rxe7 16. Rfe1 Nxc3 17. Qxc3 Rc8 18. Qb4 Rec7 19. Qd2 Qf6 20. Re5 Rc6 21. Rae1 Qd8 22. Bb1 Qc7 23. Qd3 g6 24. Qd2 Rc1 25. h4 Rxe1+ 26. Rxe1 Kg7 27. g3 Qd6 28. a3 b6 29. Bd3 Qd8 30. Rc1 Rxc1+ 31. Qxc1 Qc8 32. Qe3 Qc7 33. Kg2 Qe7 34. f3 g5 35. Qe5+ Qf6 36. Kf2 gxh4 37. gxh4 Qxe5 38. dxe5 f6 39. f4 d4 40. Be4 f5 41. Bc6 Kg6 42. Be8+ Kg7 43. Ke2 Bc4+ 44. Kd2 a5 45. Bh5 Bb5 46. Be2 Bc6 47. Bd3 Be4 48. Bc4 Kf8 49. b4 axb4 50. axb4 Ke7 51. Kc1 Kd7 52. Kb2 Kc6 53. Kb3 Kc7 54. Be6 Kc6 55. Kc4 Kc7 56. Kxd4 Kc6 57. Bc4 Kd7 58. Bd3 Ke6 59. Bxe4 1-0

[Event "Titled Tuesday intern op 14th May Early"]
[Site "Chess.com INT"]
[Date "2024.05.14"]
[Round "1"]
[White "Sadykov, Ramil"]
[Black "Kyaw, Myat Aung"]
[Result "1-0"]
[WhiteElo "2313"]
[BlackElo "2033"]
[PlyCount "103"]
[EventDate "2024.05.14"]
[EventType "swiss (blitz)"]
[EventRounds "11"]
[EventCountry "USA"]
[SourceTitle "EXT 2025"]
[Source "ChessBase"]
[SourceDate "2024.10.14"]
[SourceVersion "1"]
[SourceVersionDate "2024.10.14"]
[SourceQuality "1"]

1. Nf3 Nf6 2. c4 g6 3. Nc3 Bg7 4. e4 d6 5. d4 0-0 6. Be2 e5 7. 0-0 Nc6 8. d5 Ne7 9. b4 Ne8 10. c5 f5 11. Ng5 Nf6 12. f3 a5 13. cxd6 Qxd6 14. bxa5 Rxa5 15. Qb3 Kh8 16. Nb5 Qd8 17. Bd2 Ra6 18. Bb4 Bh6 19. Ne6 Bxe6 20. dxe6 Nfg8 21. Rad1 Qc8 22. Rd7 c5 23. Bc3 Bg7 24. Nc7 Rc6 25. Nb5 c4 26. Qb2 Rxe6 27. Rfd1 Nc6 28. Bxc4 Re7 29. Rxe7 Ngxe7 30. Nd6 Qc7 31. Nf7+ Rxf7 32. Bxf7 Nd4 33. Bxd4 exd4 34. Bb3 fxe4 35. fxe4 d3 36. Qd2 Qc5+ 37. Kh1 Nc6 38. Qxd3 Bd4 39. Qc4 Qf8 40. Rf1 Qe8 41. Qe6 Qxe6 42. Bxe6 Kg7 43. Rf7+ Kh6 44. Rxb7 Ne5 45. Bd5 Kg5 46. g3 Kg4 47. Kg2 h5 48. h3+ Kg5 49. a4 h4 50. gxh4+ Kxh4 51. a5 g5 52. Rh7# 1-0

[Event "Titled Tuesday intern op 07th May Early"]
[Site "Chess.com INT"]
[Date "2024.05.07"]
[Round "6"]
[White "Melikhov, Evgeny V"]
[Black "Sadykov, Ramil"]
[Result "1-0"]
[WhiteElo "2179"]
[BlackElo "2313"]
[PlyCount "49"]
[EventDate "2024.05.07"]
[EventType "swiss (blitz)"]
[EventRounds "11"]
[EventCountry "USA"]
[SourceTitle "EXT 2025"]
[Source "ChessBase"]
[SourceDate "2024.10.14"]
[SourceVersion "1"]
[SourceVersionDate "2024.10.14"]
[SourceQuality "1"]

1. d4 g6 2. c4 Bg7 3. Nc3 c5 4. d5 Bxc3+ 5. bxc3 d6 6. e4 e5 7. dxe6 Bxe6 8. Nf3 Nc6 9. Bf4 Qf6 10. Qd2 0-0-0 11. Bg5 Qg7 12. Bxd8 Nxd8 13. Be2 Nc6 14. 0-0 Nge7 15. Qxd6 Qxc3 16. Qxc5 Kb8 17. Rfd1 Ka8 18. Rac1 Qb2 19. Qe3 Qxa2 20. Nd4 Rc8 21. Nb5 a6 22. Ra1 Qb2 23. Rdb1 Qe5 24. Qb6 Qxe4 25. Nd6 1-0